LEADER 01678nas 2200601-a 450 001 996216676303316 005 20240116213021.0 011 $a1879-0712 035 $a(DE-599)ZDB1483526-5 035 $a(OCoLC)38945664 035 $a(CKB)954925398488 035 $a(CONSER)--2003233923 035 $a(EXLCZ)99954925398488 100 $a19980414a19679999 s-- a 101 0 $aeng 135 $aurmnu|||||||| 181 $ctxt$2rdacontent 182 $cc$2rdamedia 183 $acr$2rdacarrier 200 10$aEuropean journal of pharmacology 210 $aAmsterdam $cElsevier Science 300 $aRefereed/Peer-reviewed 300 $a"An international journal." 311 $a0014-2999 517 1 $aEJP 531 $aEUR J PHARMACOL 531 $aEUR J PHARM 531 $aEUR. J. PHARMACOL 531 0 $aEur. j. pharmacol. 606 $aPharmacology$vPeriodicals 606 $aPharmacology 606 $aPharmacology 606 $aPharmacologie$vPériodiques 606 $aPharmacologie 606 $apharmacology$2aat 606 $aPharmacology$2fast$3(OCoLC)fst01060259 608 $aPeriodical 608 $aPeriodicals.$2fast 610 $aElectronic journals$aPlus prints. 610 $aScienceDirect$aText files. 610 $aTitles of electronic journals. 610 $aTitles of journals. 615 0$aPharmacology 615 0$aPharmacology. 615 2$aPharmacology 615 6$aPharmacologie 615 6$aPharmacologie. 615 7$apharmacology. 615 7$aPharmacology. 906 $aJOURNAL 912 $a996216676303316 996 $aEuropean journal of pharmacology$9795269 997 $aUNISA LEADER 02138nam 2200661 450 001 9910808853903321 005 20230201233126.0 010 $a3-11-080466-2 024 7 $a10.1515/9783110804669 035 $a(CKB)2550000001153586 035 $a(OCoLC)857769349 035 $a(CaPaEBR)ebrary10789746 035 $a(SSID)ssj0001129657 035 $a(PQKBManifestationID)11646670 035 $a(PQKBTitleCode)TC0001129657 035 $a(PQKBWorkID)11080305 035 $a(PQKB)11121764 035 $a(MiAaPQ)EBC3044712 035 $a(DE-B1597)42553 035 $a(OCoLC)979590910 035 $a(DE-B1597)9783110804669 035 $a(Au-PeEL)EBL3044712 035 $a(CaPaEBR)ebr10789746 035 $a(CaONFJC)MIL558512 035 $a(OCoLC)922947959 035 $a(EXLCZ)992550000001153586 100 $a20770119e19762013 uy 0 101 0 $aeng 135 $aurcnu|||||||| 181 $ctxt$2rdacontent 182 $cc$2rdamedia 183 $acr$2rdacarrier 200 14$aThe Caddoan, Iroquoian and Siouan languages /$fWallace L. Chafe 205 $aReprint 2013 210 1$aThe Hague :$cMouton,$d1976. 215 $a1 online resource (100 pages) 225 1 $aTrends in linguistics ;$v3 300 $aBibliographic Level Mode of Issuance: Monograph 311 0 $a1-306-27261-0 311 0 $a90-279-3443-6 320 $aIncludes bibliographical references. 327 $tFrontmatter --$tTABLE OF CONTENTS --$tINTRODUCTION --$tTHE CURRENT STATE OF RESEARCH --$tREMOTE RELATIONSHIPS --$tA BRIEF LOOK AT THE CADDO LANGUAGE --$tREFERENCES --$tADDENDA 410 0$aTrends in linguistics.$pState-of-the-art report ;$v3. 606 $aCaddoan languages 606 $aIroquoian languages 606 $aSiouan languages 615 0$aCaddoan languages. 615 0$aIroquoian languages. 615 0$aSiouan languages. 676 $a497/.5 700 $aChafe$b Wallace L$045428 801 0$bMiAaPQ 801 1$bMiAaPQ 801 2$bMiAaPQ 906 $aBOOK 912 $a9910808853903321 996 $aCaddoan, iroquoian and siouan languages$9536158 997 $aUNINA